Computer-assisted cartography : principles and prospects (Record no. 94974)

MARC details
000 -LEADER
fixed length control field 00518cam a2200193 4500
008 - FIXED-LENGTH DATA ELEMENTS--GENERAL INFORMATION
fixed length control field 090401t1982 xxu||||| |||| 00| 0 eng d
020 ## - INTERNATIONAL STANDARD BOOK NUMBER
International Standard Book Number 0131653083
035 ## - SYSTEM CONTROL NUMBER
System control number (Sirsi) u67151
041 ## - LANGUAGE CODE
Language code of text/sound track or separate title eng
050 ## - LIBRARY OF CONGRESS CALL NUMBER
Classification number 526.0285
100 ## - MAIN ENTRY--PERSONAL NAME
Personal name Monmonier, Mark S
245 ## - TITLE STATEMENT
Title Computer-assisted cartography : principles and prospects
260 ## - PUBLICATION, DISTRIBUTION, ETC.
Place of publication, distribution, etc. Englewood Cliffs,N.J
Name of publisher, distributor, etc. Prentice-Hall Inc
Date of publication, distribution, etc. 1982
300 ## - PHYSICAL DESCRIPTION
Extent x,214p. : ill. ; 24cm.
350 ## - PRICE (NR) (BK AM CF MU VM SE) [OBSOLETE]
Price 49.95
650 ## - SUBJECT ADDED ENTRY--TOPICAL TERM
Topical term or geographic name entry element DIGITAL MAPPING
942 ## - ADDED ENTRY ELEMENTS (KOHA)
Suppress in OPAC 0
948 ## - LOCAL PROCESSING INFORMATION (OCLC); SERIES PART DESIGNATOR (RLIN)
c (OCLC) 04/03/1997
Holdings
Withdrawn status Lost status Source of classification or shelving scheme Damaged status Not for loan Home library Current library Shelving location Date acquired Cost, normal purchase price Total Checkouts Full call number Barcode Date last seen Date last checked out Copy number Cost, replacement price Price effective from Koha item type
    Dewey Decimal Classification     London London Books 14/09/1999 49.95 3 526.0285 30016613 06/08/2019 15/03/2004 1 49.95 06/08/2019 Book